| 000 | 00896nam a2200277 i 4500 | ||
|---|---|---|---|
| 003 | CO-BoRNBP | ||
| 005 | 20220316235656.0 | ||
| 007 | ta | ||
| 008 | 121119s2001 ck a gr 000 0 spa | ||
| 020 | _a9589401465 | ||
| 040 |
_aCO-BoRNBP _bspa _erda _cCO-BoRNBP |
||
| 041 | 0 | _aspa | |
| 082 | 0 | 4 |
_a371.39 _bJ35P _223 |
| 100 | 1 |
_aJiménez Vélez, Carlos Alberto _d1953- _eautor |
|
| 245 | 1 | 0 |
_aPedagogía lúdica _bel taller cotidiano y sus aplicaciones _cCarlos Alberto Jiménez Vélez |
| 250 | _aPrimera edición | ||
| 264 | 1 |
_aArmenia, Caldas _bEditorial Kinesis _c2001 |
|
| 300 |
_a216 páginas _bilustraciones _c21 cm |
||
| 336 |
_atexto _btxt _2rdacontent |
||
| 337 |
_asin mediación _bn _2rdamedia |
||
| 338 |
_avolumen _bnc _2rdacarrier |
||
| 650 | 1 | 7 |
_aJuegos educativos _2ARMARC |
| 650 | 1 | 7 |
_aEducación de niños _2ARMARC |
| 650 | 1 | 7 |
_aAptitud creadora en educación _2ARMARC |
| 942 |
_2ddc _cBK |
||
| 999 |
_c1786 _d1786 |
||